दीक्षा / (Record no. 115646)

MARC details
000 -LEADER
fixed length control field 00942nam a22002537a 4500
005 - DATE AND TIME OF LATEST TRANSACTION
control field 20170124103027.0
010 ## - LIBRARY OF CONGRESS CONTROL NUMBER
LC control number B-082757
020 ## - INTERNATIONAL STANDARD BOOK NUMBER
Terms of availability 150.00
International Standard Book Number 8173154473
035 ## - SYSTEM CONTROL NUMBER
System control number B-082757
037 ## - SOURCE OF ACQUISITION
Source of stock number/acquisition Cen Lib/Ret
040 ## - CATALOGING SOURCE
Original cataloging agency DPL
Language of cataloging HN
082 ## - DEWEY DECIMAL CLASSIFICATION NUMBER
Classification number
Item number शर्माम
100 ## - MAIN ENTRY--PERSONAL NAME
Personal name शर्मा, मनु
9 (RLIN) 62496
245 ## - TITLE STATEMENT
Title दीक्षा /
Statement of responsibility, etc मनु शर्मा
246 ## - VARYING FORM OF TITLE
Title proper/short title Deeksha /
Remainder of title by Manu Sharma
260 ## - PUBLICATION, DISTRIBUTION, ETC. (IMPRINT)
Date of publication, distribution, etc 2004
Place of publication, distribution, etc नई दिल्ली
Name of publisher, distributor, etc प्रभात प्रकाशन
270 ## - ADDRESS
Address 4/19, आसफ अली रोड
City नई दिल्ली
Postal code 110002
300 ## - PHYSICAL DESCRIPTION
Extent 135पृ.
Dimensions 20सेमी (सजिल्द)
650 ## - SUBJECT ADDED ENTRY--TOPICAL TERM
Topical term or geographic name as entry element हिन्दी -- साहित्य
9 (RLIN) 62497
650 ## - SUBJECT ADDED ENTRY--TOPICAL TERM
Topical term or geographic name as entry element हिन्दी -- कहानियाँ
9 (RLIN) 62498
650 ## - SUBJECT ADDED ENTRY--TOPICAL TERM
Topical term or geographic name as entry element Hindi -- Literature
9 (RLIN) 62499
650 ## - SUBJECT ADDED ENTRY--TOPICAL TERM
Topical term or geographic name as entry element Hindi -- Stories
9 (RLIN) 62500
942 ## - ADDED ENTRY ELEMENTS (KOHA)
Source of classification or shelving scheme Dewey Decimal Classification
Koha item type Hindi Books
Classification part
Call number suffix शर्माम
Holdings
Withdrawn status Lost status Damaged status Not for loan Home library Current library Date acquired Source of acquisition Cost, normal purchase price Total Checkouts Full call number Barcode Date last seen Copy number Cost, replacement price Price effective from Koha item type
        Central Library Central Library 21/08/2015 Cen Lib/Ret 150.00   क शर्माम B-082757 21/08/2015 1 150.00 21/08/2015 Hindi Books

© Delhi Public Library
Hit Counter
free hit counter